00987cam a22003011 4500001001300000003000400013005001700017008004100034010001700075025001900092035001900111040001900130042001200149043001200161050001700173082001800190100002000208245008700228260006400315300001800379490005300397504002800450650002700478650001700505700003400522700003100556810009800587sa 68010039 DLC20260227112549.0820218s1967 ii b 000 0 eng  asa 68010039  aPL480:I-E-9914 a(OCoLC)9799967 aDLCcMnSUdDLC apremarc aa-ii---00aSF967.B7bG3 a636.089/69/571 aGangulee, P. C.10aProblems of brucellosis in Indiac[by] P. C. Gangulee, G. L. Sharma and G. P. Sen. aNew Delhi,bIndian Council of Agricultural Researchc[1967] a22 p.c24 cm.1 aI.C.A.R. technical bulletin (anim. husb.)vno. 7 aBibliography: p. 18-22. 0aBrucellosis in cattle. 0aBrucellosis.1 aSharma, G. L.,ejoint author.1 aSen, G. P.,ejoint author.2 aIndian Council of Agricultural Research.tI.C.A.R. technical bulletin (anim. husb.) ;vno. 7.